| 000 | 01131cam a22003137a 4500 | ||
|---|---|---|---|
| 005 | 20220817043022.0 | ||
| 008 | 971010s1989 r 00010 d | ||
| 010 | _a62913 | ||
| 011 | _a63885 | ||
| 035 | _a68518 | ||
| 090 | _aTesis | ||
| 100 | 0 | 0 |
_aOlavarría Cruz, Gerardo. _982968 |
| 245 | 0 | _aEstablecimiento de un programa de crédito y asistencia técnica intensiva en el municipio de J. Rodríguez Clara, Ver. | |
| 260 |
_aChapingo, Méx. : _bEl autor, _c1989 |
||
| 300 | _a90 h. | ||
| 502 | _aTesis (Ing. Agr. Esp. en Suelos) -- UACH. Departamento de Suelos | ||
| 590 |
_aALEPH _b10 _c20130110 _lUCH01 _h1346 |
||
| 590 |
_aBATCH-UPD _b10 _c20130110 _lUCH01 _h1931 |
||
| 590 |
_aBATCH-UPD _b10 _c20130410 _lUCH01 _h1255 |
||
| 590 |
_aBATCH-UPD _b10 _c20130914 _lUCH01 _h0504 |
||
| 590 |
_aBATCH-UPD _b10 _c20130914 _lUCH01 _h2122 |
||
| 590 |
_aCONVERSION _b10 _c20130109 _lUCH01 _h1334 |
||
| 650 | 1 | 4 |
_aAyuda técnica. _99035 |
| 650 | 1 | 4 |
_aCrédito agrícola _xVeracruz. _929084 |
| 650 | 1 | 4 |
_aCrédito ganadero _xVeracruz. _929121 |
| 710 | 0 | _aUACH. Departamento de Suelos. | |
| 901 | _aBK | ||
| 949 |
_bS _cTES _d-641 _eTS1 _i68518 _si |
||
| 999 |
_c62913 _d62913 |
||